Estatuts de la Federació d'Alumnes i Ex-Alumnes de l'Escola del Treball de Barcelona
Descripción Física:
16 p. ; 14 cm
MARC
| LEADER | 00000nam a2200000Ia 4500 | ||
|---|---|---|---|
| 001 | 11692 | ||
| 008 | 160829s1936 xx 000 0 cat d | ||
| 080 | |a RF-12-97 | ||
| 110 | 2 | |a Federació d'Alumnes i Ex-alumnes de l'Escola del Treball |9 56300 | |
| 245 | |a Estatuts de la Federació d'Alumnes i Ex-Alumnes de l'Escola del Treball de Barcelona | ||
| 260 | |a Barcelona : |b Imp. - Lit. Sabadell, |c 1936 | ||
| 300 | |a 16 p. ; |c 14 cm | ||
| 590 | |a Prové de Q-275, exp. 60 | ||
| 610 | 2 | 0 | |a Federació d'Alumnes i Ex-alumnes de l'Escola del Treball |v Estatuts |9 56301 |
| 856 | 4 | |u https://media.diba.cat/diba/fitxers/arxiu/fulletons/bib_11692_1936_baixa.pdf |y Accés lliure | |
| 856 | 4 | |u https://media.diba.cat/diba/fitxers/arxiu/fulletons/bib_11692_1936_baixa.pdf |y Accés lliure | |
| 901 | |a Arxiu | ||
| 942 | |n 1 |2 udc | ||
| 952 | |0 0 |1 0 |4 0 |6 RF1297 |7 1 |9 53543 |a Arxiu |b Arxiu |d 2016-12-01 |l 0 |o RF-12-97 |p 11692 |r 2016-12-01 00:00:00 |w 2016-12-01 |y ARXIU | ||
| 999 | |c 57409 |d 57409 | ||
| 900 | |a bib_11692_1936_baixa.pdf | ||